Mujeres de América Latina y el Caribe hacia Beijing + cinco /
Збережено в:
| Автор: | |
|---|---|
| Формат: | Текст |
| Предмети: | |
| Теги: |
Додати тег
Немає тегів, Будьте першим, хто поставить тег для цього запису!
|
MARC
| LEADER | 00000 a a2200000 04500 | ||
|---|---|---|---|
| 001 | 2358 | ||
| 003 | |||
| 040 | |||
| 100 | |a Suárez Toro, María | ||
| 245 | |a Mujeres de América Latina y el Caribe hacia Beijing + cinco / |c María Suárez Toro | ||
| 650 | |a MUJERES | ||
| 650 | |a REUNION | ||
| 650 | |a DERECHOS HUMANOS | ||
| 650 | |a DERECHOS DE LA MUJER | ||
| 650 | |a AMERICA LATINA | ||
| 650 | |a CARIBE | ||
| 650 | |a CHINA | ||
| 773 | |g volumen 18, número 3; páginas 4-7 | ||
| 999 | |c 38755 |d 38755 | ||
